[Event "Plovdiv BUL, 34th Tringov Mem"]
[Site "Plovdiv BUL"]
[Date "2012.02.02"]
[Round "6.19"]
[White "Todorov, Momchil"]
[Black "Ristic, Nenad"]
[Result "1/2-1/2"]
[WhiteElo "2226"]
[BlackElo "2427"]
[PlyCount "87"]
[EventDate "2012.01.29"]
[EventType "swiss"]
[EventRounds "9"]
[EventCountry "BUL"]

1. d4 Nf6 2. Nf3 g6 3. c4 Bg7 4. Nc3 d5 5. Bf4 O-O 6. e3 c5 7. dxc5 Qa5 8. Rc1
dxc4 9. Bxc4 Qxc5 10. Bb3 Nc6 11. O-O Qh5 12. h3 Rd8 13. Qc2 e5 14. Bg3 Bxh3
15. Nxe5 Bxg2 16. Bxf7+ Kf8 17. Kxg2 Nxe5 18. Be6 Qf3+ 19. Kh3 Ke7 20. Bb3 Nd3
21. Rcd1 Nh5 22. Rxd3 Rxd3 23. Ne2 Nxg3 24. Qc5+ Rd6 25. Nxg3 Qc6 26. Qg5+ Kf8
27. f4 Rd2 28. e4 Qf6 29. e5 Qxg5 30. fxg5+ Ke8 31. e6 Be5 32. Ne4 Rxb2 33.
Nf6+ Ke7 34. Nd5+ Kd6 35. e7 Re8 36. Rf8 h5 37. gxh6 Kd7 38. h7 b5 39. Nf6+
Bxf6 40. Rxf6 Rb1 41. Kg2 Rb2+ 42. Kg3 Rxb3+ 43. axb3 Kxe7 44. Rxg6 1/2-1/2

[Event "Plovdiv BUL, 34th Tringov Mem"]
[Site "Plovdiv BUL"]
[Date "2012.02.02"]
[Round "6.20"]
[White "Indjic, Aleksandar"]
[Black "Fakhiridou, Ekaterini"]
[Result "1-0"]
[WhiteElo "2427"]
[BlackElo "2221"]
[PlyCount "59"]
[EventDate "2012.01.29"]
[EventType "swiss"]
[EventRounds "9"]
[EventCountry "BUL"]

1. d4 g6 2. c4 Bg7 3. Nc3 d6 4. e4 Nc6 5. Be3 e5 6. d5 Nce7 7. g4 f5 8. gxf5
gxf5 9. Qh5+ Kf8 10. exf5 Nf6 11. Qe2 Nxf5 12. Nf3 a6 13. h4 Qe8 14. Bh3 Rg8
15. Ng5 h6 16. Ne6+ Bxe6 17. dxe6 Nxe3 18. fxe3 c6 19. O-O-O Ke7 20. Rhf1 b5
21. Qd3 Rd8 22. Ne4 bxc4 23. Qxc4 Qh5 24. Qxa6 Qxh4 25. Rxf6 Qxe4 26. Qb7+ Kxf6
27. Qf7+ Kg5 28. Rg1+ Kh4 29. Qf2+ Kh5 30. Qe2+ 1-0

[Event "Plovdiv BUL, 34th Tringov Mem"]
[Site "Plovdiv BUL"]
[Date "2012.02.02"]
[Round "6.21"]
[White "Andreev, Stanislav"]
[Black "Georgiev, Krum"]
[Result "1/2-1/2"]
[WhiteElo "2203"]
[BlackElo "2424"]
[PlyCount "58"]
[EventDate "2012.01.29"]
[EventType "swiss"]
[EventRounds "9"]
[EventCountry "BUL"]

1. d4 Nf6 2. c4 g6 3. Nc3 Bg7 4. e4 d6 5. f3 O-O 6. Be3 a6 7. Bd3 b6 8. Nge2 c5
9. Qd2 Nc6 10. d5 Ne5 11. a4 e6 12. O-O exd5 13. cxd5 Bd7 14. b3 b5 15. axb5
Nxd3 16. Qxd3 axb5 17. Rxa8 Qxa8 18. e5 c4 19. bxc4 bxc4 20. Qxc4 dxe5 21. Rd1
Rd8 22. Ng3 Rc8 23. Qd3 Qa3 24. Nce4 Qxd3 25. Rxd3 Nxe4 26. Nxe4 f5 27. Nc5 Bb5
28. Rd1 Bf8 29. Ne6 Bd6 1/2-1/2

[Event "Plovdiv BUL, 34th Tringov Mem"]
[Site "Plovdiv BUL"]
[Date "2012.02.02"]
[Round "6.22"]
[White "Arsovic, Goran"]
[Black "Andreev, Sasho"]
[Result "1/2-1/2"]
[WhiteElo "2422"]
[BlackElo "2201"]
[PlyCount "128"]
[EventDate "2012.01.29"]
[EventType "swiss"]
[EventRounds "9"]
[EventCountry "BUL"]

1. d4 d5 2. Nf3 Nf6 3. c4 c6 4. e3 Bf5 5. Nc3 e6 6. Nh4 Be4 7. f3 Bg6 8. Qb3
Qc7 9. Bd2 Nbd7 10. cxd5 exd5 11. Nxg6 hxg6 12. O-O-O Bd6 13. h3 O-O 14. Kb1
Rfe8 15. Bd3 Qb6 16. Qxb6 axb6 17. e4 dxe4 18. fxe4 Bb4 19. Rhe1 b5 20. a3 Ba5
21. g4 Nf8 22. g5 N6d7 23. h4 Ne6 24. Ne2 Bxd2 25. Rxd2 Nb6 26. Bc2 Nc4 27. Rd3
Nc7 28. Ng3 Rad8 29. Red1 Ne6 30. Bb3 Rd7 31. a4 Red8 32. axb5 cxb5 33. d5 Nf4
34. Rd4 Ne6 35. R4d3 Nf4 36. Rc3 Ng2 37. Bxc4 bxc4 38. Rd2 Nxh4 39. Rh2 Nf5 40.
exf5 Rxd5 41. fxg6 Rxg5 42. Ne4 Rxg6 43. Rch3 Kf8 44. Rh8+ Ke7 45. Rxd8 Kxd8
46. Kc2 f5 47. Nd2 b5 48. Rh5 Rf6 49. Kc3 Kc7 50. Rg5 g6 51. Nf3 Kb6 52. Ne5
Re6 53. Nxg6 Re3+ 54. Kd2 Rh3 55. Nf4 Rh2+ 56. Kc3 b4+ 57. Kxc4 Rxb2 58. Nd5+
Kc6 59. Nxb4+ Kd6 60. Rxf5 Rh2 61. Nd3 Rc2+ 62. Kd4 Ra2 63. Rf6+ Ke7 64. Rb6
Rd2 1/2-1/2

[Event "Plovdiv BUL, 34th Tringov Mem"]
[Site "Plovdiv BUL"]
[Date "2012.02.02"]
[Round "6.24"]
[White "Nikolov, Sasho"]
[Black "Arnaudov, Petar"]
[Result "0-1"]
[WhiteElo "2407"]
[BlackElo "2121"]
[PlyCount "98"]
[EventDate "2012.01.29"]
[EventType "swiss"]
[EventRounds "9"]
[EventCountry "BUL"]

1. d4 c5 2. d5 e5 3. e4 d6 4. f4 exf4 5. Bxf4 Nf6 6. Nc3 Be7 7. Bb5+ Bd7 8. e5
dxe5 9. Bxe5 Bxb5 10. Nxb5 Qa5+ 11. Nc3 Nbd7 12. Bg3 Ne4 13. Nge2 O-O 14. O-O
Nxg3 15. Nxg3 Qb4 16. Nce4 Qd4+ 17. Kh1 Qxd1 18. Raxd1 g6 19. a4 f5 20. Nc3 Bf6
21. Nge2 Rfe8 22. Kg1 Re3 23. Rfe1 Rae8 24. Kf1 a6 25. Nb1 R3e4 26. b3 b5 27.
axb5 axb5 28. Na3 Rb8 29. Rb1 Be5 30. g3 Nf6 31. c4 b4 32. Nc2 Ra8 33. Nc1 Bc3
34. Rd1 Kf7 35. Nd3 Ra5 36. Rbc1 Re8 37. Nce1 Ne4 38. Rc2 g5 39. Nf3 Kf6 40.
Re2 h5 41. Kg2 Rea8 42. h4 g4 43. Ng5 Ra2 44. Nxe4+ fxe4 45. Rf1+ Kg7 46. Rxa2
Rxa2+ 47. Rf2 exd3 48. Rxa2 d2 49. Rxd2 Bxd2 0-1

[Event "Plovdiv BUL, 34th Tringov Mem"]
[Site "Plovdiv BUL"]
[Date "2012.02.03"]
[Round "7.3"]
[White "Nikolov, Momchil"]
[Black "Stanojoski, Zvonko"]
[Result "1/2-1/2"]
[WhiteElo "2560"]
[BlackElo "2455"]
[PlyCount "35"]
[EventDate "2012.01.29"]
[EventType "swiss"]
[EventRounds "9"]
[EventCountry "BUL"]

1. d4 d5 2. Nf3 e6 3. c4 c6 4. Qc2 Bd6 5. Nc3 Nf6 6. Bg5 Nbd7 7. e3 h6 8. Bh4
O-O 9. cxd5 exd5 10. Bd3 Re8 11. O-O-O Qa5 12. Kb1 b5 13. Rc1 Bb7 14. Nd2 Qb6
15. Rhg1 Bxh2 16. Rh1 Bd6 17. Rh3 a6 18. g4 1/2-1/2

[Event "Plovdiv BUL, 34th Tringov Mem"]
[Site "Plovdiv BUL"]
[Date "2012.02.03"]
[Round "7.4"]
[White "Dimitrov, Radoslav"]
[Black "Petrov, Marijan"]
[Result "1/2-1/2"]
[WhiteElo "2437"]
[BlackElo "2521"]
[PlyCount "69"]
[EventDate "2012.01.29"]
[EventType "swiss"]
[EventRounds "9"]
[EventCountry "BUL"]

1. b3 e5 2. Bb2 Nc6 3. e3 Nf6 4. c4 d5 5. cxd5 Nxd5 6. a3 Bd6 7. d3 O-O 8. Nd2
Re8 9. Ngf3 a5 10. Be2 Qf6 11. O-O Qg6 12. Kh1 f5 13. Nc4 Qh6 14. Qc2 Bd7 15.
d4 e4 16. Nfe5 Nxe5 17. dxe5 Bf8 18. Qd2 Be6 19. Nxa5 f4 20. b4 fxe3 21. Qd4
Nf4 22. Qxe3 Bd5 23. Rac1 Nxe2 24. Qxe2 c5 25. Nc4 cxb4 26. axb4 Bxb4 27. Rfd1
Rad8 28. Nd6 Bxd6 29. exd6 Qxd6 30. Qe3 Rd7 31. Rd4 Qe6 32. Rcd1 Red8 33. Qc3
Qc6 34. Qg3 Qg6 35. Qc3 1/2-1/2

[Event "Plovdiv BUL, 34th Tringov Mem"]
[Site "Plovdiv BUL"]
[Date "2012.02.03"]
[Round "7.5"]
[White "Milchev, Nikolay"]
[Black "Benidze, Davit"]
[Result "0-1"]
[WhiteElo "2434"]
[BlackElo "2516"]
[PlyCount "78"]
[EventDate "2012.01.29"]
[EventType "swiss"]
[EventRounds "9"]
[EventCountry "BUL"]

1. c4 Nf6 2. g3 c6 3. Nf3 d5 4. b3 e6 5. Bg2 Nbd7 6. O-O Be7 7. Bb2 O-O 8. e3
b6 9. Qe2 Ba6 10. d3 b5 11. Nbd2 Nb6 12. Ne5 Rc8 13. cxb5 Bxb5 14. Rfc1 c5 15.
f4 Nfd7 16. Ndf3 Nxe5 17. Nxe5 Nd7 18. Ng4 f5 19. Nf2 Bf6 20. Qd2 Bxb2 21. Qxb2
Qf6 22. Qa3 d4 23. e4 e5 24. exf5 exf4 25. g4 h5 26. Ne4 Qh4 27. Nd6 Bc6 28.
Nxc8 Bxg2 29. Kxg2 Rxc8 30. Re1 f3+ 31. Kh1 f2 32. Rf1 hxg4 33. Qa6 Rf8 34.
Qe6+ Rf7 35. Kg2 Qh3+ 36. Kxf2 Qxh2+ 37. Ke1 Ne5 38. Kd1 Qh3 39. Ke2 Qg2+ 0-1

[Event "Plovdiv BUL, 34th Tringov Mem"]
[Site "Plovdiv BUL"]
[Date "2012.02.03"]
[Round "7.6"]
[White "Drenchev, Petar"]
[Black "Bukal, Vladimir Jr"]
[Result "1/2-1/2"]
[WhiteElo "2493"]
[BlackElo "2434"]
[PlyCount "80"]
[EventDate "2012.01.29"]
[EventType "swiss"]
[EventRounds "9"]
[EventCountry "BUL"]

1. d4 e6 2. c4 b6 3. Nf3 Bb7 4. a3 f5 5. Nc3 Nf6 6. g3 Bd6 7. Bg2 O-O 8. O-O
Qe8 9. Nb5 Na6 10. b4 Be7 11. Nc3 Ne4 12. Bb2 c5 13. Nxe4 fxe4 14. Nd2 d5 15.
dxc5 bxc5 16. b5 Nc7 17. a4 Rd8 18. Qc2 Qh5 19. Nb3 Rc8 20. Rad1 Ne8 21. cxd5
exd5 22. f3 Nd6 23. Na5 Ba8 24. fxe4 Nxe4 25. Nc6 Bg5 26. Bxe4 Be3+ 27. Kh1
dxe4 28. Rxf8+ Rxf8 29. Qxe4 Qh6 30. h4 Kh8 31. Rd7 Bd4 32. Bxd4 cxd4 33. Rf7
Rc8 34. Rc7 Rf8 35. Kg2 Qd6 36. Re7 Qf6 37. Re8 Qf2+ 38. Kh3 Qf1+ 39. Kh2 Qf2+
40. Kh3 Qf1+ 1/2-1/2

[Event "Plovdiv BUL, 34th Tringov Mem"]
[Site "Plovdiv BUL"]
[Date "2012.02.03"]
[Round "7.8"]
[White "Mladenov, Plamen"]
[Black "Smith, Bryan G"]
[Result "1-0"]
[WhiteElo "2384"]
[BlackElo "2460"]
[PlyCount "51"]
[EventDate "2012.01.29"]
[EventType "swiss"]
[EventRounds "9"]
[EventCountry "BUL"]

1. Nf3 c5 2. e4 d6 3. d4 cxd4 4. Qxd4 Nc6 5. Bb5 Bd7 6. Bxc6 Bxc6 7. Bg5 h6 8.
Bh4 Qa5+ 9. Nc3 e5 10. Qd3 g5 11. Bg3 Nf6 12. Nd2 Rd8 13. Nc4 Qa6 14. O-O-O Be7
15. f3 O-O 16. Ne3 Qxd3 17. Rxd3 Rfe8 18. Rhd1 b5 19. Nf5 b4 20. Nxe7+ Rxe7 21.
Rxd6 Rxd6 22. Rxd6 bxc3 23. Rxc6 cxb2+ 24. Kxb2 Kg7 25. Rc5 Rb7+ 26. Kc1 1-0

[Event "Plovdiv BUL, 34th Tringov Mem"]
[Site "Plovdiv BUL"]
[Date "2012.02.03"]
[Round "7.9"]
[White "Antic, Dejan"]
[Black "Filev, Georgi"]
[Result "1-0"]
[WhiteElo "2504"]
[BlackElo "2349"]
[PlyCount "133"]
[EventDate "2012.01.29"]
[EventType "swiss"]
[EventRounds "9"]
[EventCountry "BUL"]

1. d4 Nf6 2. Nf3 g6 3. c4 Bg7 4. g3 d5 5. cxd5 Nxd5 6. Bg2 Nb6 7. Nc3 Nc6 8. e3
O-O 9. O-O Re8 10. b3 e5 11. Nxe5 Nxe5 12. dxe5 Bxe5 13. Bb2 c6 14. Qc1 Be6 15.
f4 Bg7 16. e4 f5 17. Rd1 Qe7 18. Ba3 Qf7 19. e5 g5 20. Rd3 gxf4 21. gxf4 Kh8
22. Qe1 Rg8 23. Rad1 Bf8 24. Bxf8 Raxf8 25. Rg3 Rg6 26. Rdd3 Rfg8 27. Qd2 Qe7
28. Qf2 Rd8 29. h3 Rxg3 30. Rxg3 Rg8 31. Kh2 Rg6 32. Rd3 Rg8 33. Qe1 Rg6 34.
Qf2 Rg8 35. Bf3 Rg6 36. Rd6 Nc8 37. Rd2 Nb6 38. Qd4 Rg8 39. Rg2 Rxg2+ 40. Kxg2
Kg7 41. Kh2 Qh4 42. Ne2 Qe7 43. Ng3 Qd7 44. Qg1 Kf8 45. Nh5 Qe7 46. Nf6 Nd7 47.
Qxa7 Nxf6 48. exf6 Qxf6 49. Qb8+ Ke7 50. Qxb7+ Bd7 51. Qb4+ Kd8 52. Qa5+ Ke7
53. Qc5+ Kd8 54. Qe5 Qf8 55. Qb8+ Bc8 56. Qb6+ Ke8 57. Qxc6+ Kf7 58. Qc7+ Kg6
59. Qb6+ Kg7 60. Qg1+ Kf7 61. Bd5+ Ke8 62. Qe3+ Kd7 63. Qa7+ Kd8 64. Qa5+ Ke8
65. Qc7 Bd7 66. Qb8+ Ke7 67. Qxf8+ 1-0

[Event "Plovdiv BUL, 34th Tringov Mem"]
[Site "Plovdiv BUL"]
[Date "2012.02.03"]
[Round "7.12"]
[White "Hadzimanolis, Antonios"]
[Black "Indjic, Aleksandar"]
[Result "1/2-1/2"]
[WhiteElo "2332"]
[BlackElo "2427"]
[PlyCount "118"]
[EventDate "2012.01.29"]
[EventType "swiss"]
[EventRounds "9"]
[EventCountry "BUL"]

1. e4 g6 2. d4 Bg7 3. Nc3 d6 4. f4 a6 5. Nf3 Bg4 6. Be3 e6 7. h3 Bxf3 8. Qxf3
Ne7 9. g4 d5 10. Bg2 c6 11. O-O-O b5 12. f5 dxe4 13. Nxe4 exf5 14. gxf5 Nxf5
15. d5 O-O 16. dxc6 Qa5 17. Bg5 Nxc6 18. Nf6+ Kh8 19. Qxc6 Qxa2 20. Rd3 Qa1+
21. Kd2 Qxb2 22. Qc3 Qxc3+ 23. Kxc3 Rac8+ 24. Kb3 h6 25. h4 Rc4 26. Bd5 Nd4+
27. Kb2 Rxc2+ 28. Kb1 Rf2 29. Ng4 Re2 30. Nxh6 Ne6 31. Bc1 Kh7 32. h5 g5 33.
Nf5 Bf6 34. Ng3 Rf2 35. Ne4 Rf5 36. Nxf6+ Rxf6 37. Bxe6 Rxe6 38. Bxg5 Rg8 39.
Bc1 Rf6 40. Re1 Rg4 41. Re8 Rf1 42. Rc8 Rg8 43. Rc6 Rg5 44. h6 Rg4 45. Ra3 Rb4+
46. Kc2 Rf2+ 47. Kd3 Rf3+ 48. Ke2 Rxa3 49. Bxa3 Re4+ 50. Kd3 Re6 51. Rc7 Kxh6
52. Rxf7 Kg6 53. Rf3 Rc6 54. Kd4 a5 55. Bc5 Rc8 56. Rb3 Rd8+ 57. Ke5 Re8+ 58.
Kd6 b4 59. Kc7 Re6 {...} 1/2-1/2

[Event "Plovdiv BUL, 34th Tringov Mem"]
[Site "Plovdiv BUL"]
[Date "2012.02.03"]
[Round "7.13"]
[White "Lilov, Valeri"]
[Black "Voiska, Margarita"]
[Result "1-0"]
[WhiteElo "2411"]
[BlackElo "2325"]
[PlyCount "91"]
[EventDate "2012.01.29"]
[EventType "swiss"]
[EventRounds "9"]
[EventCountry "BUL"]

1. d4 Nf6 2. Nf3 e6 3. Bg5 d5 4. Nbd2 Be7 5. e3 Nbd7 6. Bd3 h6 7. Bh4 b6 8. c3
Bb7 9. Ne5 Nxe5 10. dxe5 Nd7 11. Bg3 O-O 12. Bf4 Bg5 13. Bg3 f5 14. exf6 Bxf6
15. Qg4 Re8 16. Nf3 e5 17. Bg6 Re7 18. Nh4 Nf8 19. Bc2 Kh8 20. O-O-O e4 21. f3
Qe8 22. fxe4 dxe4 23. Rhf1 Rd8 24. Rxd8 Qxd8 25. Nf5 Bc8 26. Qe2 Bxf5 27. Rxf5
Qe8 28. Rd5 Be5 29. Bxe5 Rxe5 30. Qd2 Re7 31. Rd8 Qf7 32. Qe2 Re8 33. Rxe8 Qxe8
34. Qc4 c5 35. Qxe4 Qf7 36. Qf4 Qe7 37. g3 g5 38. Qe4 Qf6 39. Qf5 Qe7 40. e4 c4
41. Qd5 Nd7 42. Qxc4 Ne5 43. Qc8+ Kg7 44. Bb3 Nd3+ 45. Kc2 Qxe4 46. Qd7+ 1-0

[Event "Plovdiv BUL, 34th Tringov Mem"]
[Site "Plovdiv BUL"]
[Date "2012.02.03"]
[Round "7.14"]
[White "Dobrev, Nayden"]
[Black "Pantev, Veselin"]
[Result "1/2-1/2"]
[WhiteElo "2256"]
[BlackElo "2389"]
[PlyCount "56"]
[EventDate "2012.01.29"]
[EventType "swiss"]
[EventRounds "9"]
[EventCountry "BUL"]

1. d4 e6 2. c4 Nf6 3. Nf3 Bb4+ 4. Nbd2 b6 5. g3 Bb7 6. Bg2 O-O 7. O-O Re8 8. a3
Bxd2 9. Bxd2 d6 10. Bf4 Nbd7 11. Qc2 a5 12. b4 Be4 13. Qb2 Qb8 14. Nh4 Bxg2 15.
Nxg2 axb4 16. axb4 Qb7 17. f3 b5 18. c5 e5 19. dxe5 dxe5 20. Rxa8 Qxa8 21. Bd2
e4 22. Bc3 exf3 23. exf3 h6 24. Kf2 Qd5 25. Nf4 Qf5 26. c6 Ne5 27. Bxe5 Rxe5
28. Qb1 Qxb1 1/2-1/2

[Event "Plovdiv BUL, 34th Tringov Mem"]
[Site "Plovdiv BUL"]
[Date "2012.02.03"]
[Round "7.15"]
[White "Vlashki, Nino"]
[Black "Piscopo, Pierluigi"]
[Result "1/2-1/2"]
[WhiteElo "2235"]
[BlackElo "2386"]
[PlyCount "43"]
[EventDate "2012.01.29"]
[EventType "swiss"]
[EventRounds "9"]
[EventCountry "BUL"]

1. Nf3 Nf6 2. g3 g6 3. Bg2 Bg7 4. O-O O-O 5. d3 d6 6. e4 c5 7. Nc3 Nc6 8. Re1
Bg4 9. h3 Bxf3 10. Qxf3 Rb8 11. a4 a6 12. Qd1 b5 13. axb5 axb5 14. f4 b4 15.
Ne2 e5 16. c3 bxc3 17. bxc3 exf4 18. Bxf4 Nh5 19. Be3 Rb2 20. g4 Nf6 21. Rb1
Ra2 22. d4 1/2-1/2

[Event "Plovdiv BUL, 34th Tringov Mem"]
[Site "Plovdiv BUL"]
[Date "2012.02.03"]
[Round "7.16"]
[White "Arnaudov, Petar"]
[Black "Marholev, Dimitar"]
[Result "0-1"]
[WhiteElo "2121"]
[BlackElo "2370"]
[PlyCount "118"]
[EventDate "2012.01.29"]
[EventType "swiss"]
[EventRounds "9"]
[EventCountry "BUL"]

1. d4 Nf6 2. Bg5 e6 3. e4 h6 4. Bxf6 Qxf6 5. Nc3 d6 6. Qd2 c6 7. f4 g5 8. Nge2
gxf4 9. Nxf4 h5 10. e5 dxe5 11. dxe5 Qxe5+ 12. Be2 h4 13. O-O-O Qxf4 14. Qxf4
Bh6 15. Qxh6 Rxh6 16. Ne4 Nd7 17. Rd2 Ke7 18. Rhd1 Rh8 19. Rd4 Ne5 20. Nc5 b6
21. Nd3 Nxd3+ 22. R4xd3 c5 23. Bf3 Rb8 24. Rd6 e5 25. Rc6 Be6 26. Rc7+ Kf6 27.
Rxa7 Rhd8 28. Rf1 Kg5 29. Re1 f6 30. a4 Bf5 31. Rg7+ Kh6 32. Re7 Rd4 33. Bc6
Rd6 34. Be4 Bxe4 35. Rxe4 Rd4 36. Re3 Rxa4 37. Rf3 Ra1+ 38. Kd2 Rd8+ 39. Kc3
Rd6 40. Re8 Ra4 41. g3 Kg6 42. b3 Re4 43. Rg8+ Kf7 44. Rh8 hxg3 45. hxg3 Rg4
46. Rh5 Kg6 47. Rh8 Kf7 48. Rh5 Re6 49. Rh8 Rc6 50. Rd8 b5 51. Rb8 b4+ 52. Kb2
e4 53. Re3 f5 54. c3 Rcg6 55. cxb4 cxb4 56. Rb7+ Ke6 57. Rxb4 Rxg3 58. Re1 Rg1
59. Rb6+ Ke5 0-1

[Event "Plovdiv BUL, 34th Tringov Mem"]
[Site "Plovdiv BUL"]
[Date "2012.02.03"]
[Round "7.17"]
[White "Videnova, Iva"]
[Black "Sofranov, Velizar"]
[Result "0-1"]
[WhiteElo "2360"]
[BlackElo "2168"]
[PlyCount "46"]
[EventDate "2012.01.29"]
[EventType "swiss"]
[EventRounds "9"]
[EventCountry "BUL"]

1. e4 e5 2. Nf3 Nc6 3. Bc4 Bc5 4. O-O Nf6 5. d4 Bxd4 6. Nxd4 Nxd4 7. f4 d6 8.
fxe5 dxe5 9. Bg5 Qe7 10. Na3 c6 11. c3 Ne6 12. Bxe6 Bxe6 13. Kh1 Qd7 14. Qf3
O-O-O 15. Bxf6 gxf6 16. Qxf6 Rhg8 17. Qf2 Qd2 18. h3 Qg5 19. Rfe1 Rd3 20. Qf1
Rg3 21. Re2 Qh4 22. Rae1 Bxh3 23. gxh3 Rxh3+ 0-1

[Event "Plovdiv BUL, 34th Tringov Mem"]
[Site "Plovdiv BUL"]
[Date "2012.02.03"]
[Round "7.18"]
[White "Andreev, Sasho"]
[Black "Radulski, Julian"]
[Result "0-1"]
[WhiteElo "2201"]
[BlackElo "2570"]
[PlyCount "64"]
[EventDate "2012.01.29"]
[EventType "swiss"]
[EventRounds "9"]
[EventCountry "BUL"]

1. d4 d5 2. c4 e6 3. Nc3 Nf6 4. Nf3 Nbd7 5. cxd5 exd5 6. Bf4 c6 7. e3 Nh5 8.
Bg5 Be7 9. Bxe7 Qxe7 10. Qc2 Nb6 11. h3 g6 12. g4 Ng7 13. O-O-O Be6 14. Be2
O-O-O 15. Ne5 Kb8 16. h4 h5 17. gxh5 Nxh5 18. Bd3 Ng7 19. Bxg6 fxg6 20. Nxg6
Qf6 21. Nxh8 Rxh8 22. Rdg1 Bf5 23. Qe2 Ne6 24. Qf3 Rf8 25. h5 Qh6 26. Qg3+ Ka8
27. Ne2 c5 28. Qd6 Nc4 29. Qxd5 Nxe3 30. fxe3 Qxe3+ 31. Kd1 Qd3+ 32. Ke1 Nxd4
0-1

[Event "Plovdiv BUL, 34th Tringov Mem"]
[Site "Plovdiv BUL"]
[Date "2012.02.03"]
[Round "7.20"]
[White "Miljkovic, Miroslav D"]
[Black "Ninov, Dayan"]
[Result "1-0"]
[WhiteElo "2491"]
[BlackElo "2117"]
[PlyCount "183"]
[EventDate "2012.01.29"]
[EventType "swiss"]
[EventRounds "9"]
[EventCountry "BUL"]

1. d4 d5 2. c4 c6 3. e3 e6 4. Nf3 Nf6 5. Nbd2 Nbd7 6. Bd3 Bd6 7. O-O O-O 8. e4
e5 9. cxd5 cxd5 10. exd5 exd4 11. Ne4 Qb6 12. Nxd6 Qxd6 13. Nxd4 Nxd5 14. Nb5
Qc6 15. Bg5 h6 16. Rc1 Qb6 17. Bc4 N7f6 18. Bxf6 Nxf6 19. Qd6 Rd8 20. Qf4 Bd7
21. Nd4 Rac8 22. b3 Bg4 23. Nf5 Bxf5 24. Qxf5 Rc6 25. Rfe1 Rcd6 26. h3 R6d7 27.
a4 a6 28. a5 Qb4 29. g3 Rd2 30. Re3 Qd6 31. Kg2 Qd7 32. Qf3 Re8 33. Rce1 Rxe3
34. Rxe3 Rd6 35. Re5 Kf8 36. Rc5 g6 37. b4 Kg7 38. Qe3 b5 39. axb6 Rxb6 40. Qe5
Qd6 41. Qxd6 Rxd6 42. Rc7 Nd7 43. Bxa6 Ne5 44. Bf1 Rb6 45. b5 g5 46. Be2 Kf6
47. Ra7 Kg7 48. Kf1 Rd6 49. Rc7 Kf6 50. Rc3 Ke7 51. Re3 Re6 52. Ra3 Rd6 53.
Ra7+ Kf6 54. Ra4 Nd7 55. h4 Nb6 56. Re4 Rd8 57. h5 Rd5 58. Re3 Re5 59. Rc3 Re8
60. Rc7 Re7 61. Rc3 Re6 62. Rd3 Ke7 63. Ra3 Kd6 64. Rf3 Ke7 65. Ke1 Rd6 66.
Re3+ Kf6 67. Rc3 Ke5 68. Bf3 Kf6 69. Ke2 Ke7 70. Rc7+ Rd7 71. Rc6 Rd6 72. Rc5
Ke6 73. Be4 Ke7 74. Ke3 Kf6 75. f4 gxf4+ 76. Kxf4 Re6 77. g4 Nd7 78. Rc6 Nb6
79. Rc7 Rd6 80. Rc5 Re6 81. Bf3 Rd6 82. Be4 Re6 83. Bc2 Nd7 84. Rc6 Nb6 85. Rc5
Nd7 86. Rc7 Rd6 87. Rc6 Re6 88. Bb3 Rxc6 89. bxc6 Nb6 90. c7 Nc8 91. Bd5 Kg7
92. Bb7 1-0

[Event "Plovdiv BUL, 34th Tringov Mem"]
[Site "Plovdiv BUL"]
[Date "2012.02.03"]
[Round "7.21"]
[White "Bratanov, Zsivko"]
[Black "Mogilarov, Dimitar"]
[Result "1-0"]
[WhiteElo "2459"]
[BlackElo "2189"]
[PlyCount "93"]
[EventDate "2012.01.29"]
[EventType "swiss"]
[EventRounds "9"]
[EventCountry "BUL"]

1. d4 Nf6 2. Nf3 g6 3. Bg5 Bg7 4. Nbd2 c5 5. e3 cxd4 6. exd4 d6 7. Bd3 O-O 8.
O-O Nc6 9. c3 h6 10. Bxf6 Bxf6 11. Re1 a6 12. a4 Rb8 13. h4 Bg4 14. Qe2 e5 15.
Qe3 exd4 16. cxd4 Bg7 17. Qf4 Qd7 18. Ne4 Bf5 19. Rad1 Rbd8 20. Nc3 Bg4 21. Nd5
Bxf3 22. gxf3 Bxd4 23. Bb1 Bxb2 24. Qxh6 Bg7 25. Qg5 Ne5 26. Kg2 Rde8 27. Rh1
Re6 28. f4 Nc6 29. f5 Re5 30. h5 Ne7 31. Nxe7+ Qxe7 32. Qxe7 Rxe7 33. hxg6 Re2
34. Bd3 Rb2 35. Bc4 Rc8 36. Bxf7+ Kf8 37. Rxd6 Rcc2 38. Rf1 Rd2 39. Rxd2 Rxd2
40. Kg3 Rd4 41. Re1 Bf6 42. Re6 Kg7 43. Rb6 Re4 44. Rxb7 Kh6 45. Be6 Rxa4 46.
Rh7+ Kg5 47. f4+ 1-0

[Event "Plovdiv BUL, 34th Tringov Mem"]
[Site "Plovdiv BUL"]
[Date "2012.02.03"]
[Round "7.22"]
[White "Arsovic, Zoran"]
[Black "Mladenov, Emil"]
[Result "1-0"]
[WhiteElo "2441"]
[BlackElo "2114"]
[PlyCount "61"]
[EventDate "2012.01.29"]
[EventType "swiss"]
[EventRounds "9"]
[EventCountry "BUL"]

1. Nf3 g6 2. e4 d5 3. exd5 Qxd5 4. d4 Bg7 5. Be2 Nf6 6. O-O O-O 7. c4 Qd8 8.
Nc3 h6 9. h3 Nbd7 10. Be3 c6 11. Qd2 Kh7 12. Rad1 b6 13. Bf4 Bb7 14. Qe3 Rc8
15. Rfe1 a6 16. a4 Ng8 17. Ne5 Qe8 18. Bf3 f6 19. Nxd7 Qxd7 20. Bh2 f5 21. Be5
Nf6 22. d5 c5 23. Bh2 Rfe8 24. Qe6 b5 25. axb5 axb5 26. Nxb5 g5 27. Qxd7 Nxd7
28. Bh5 Bf6 29. Bxe8 Rxe8 30. Nd6 Rb8 31. Nxf5 1-0

[Event "Plovdiv BUL, 34th Tringov Mem"]
[Site "Plovdiv BUL"]
[Date "2012.02.03"]
[Round "7.23"]
[White "Ristic, Nenad"]
[Black "Galunova, Tsveta"]
[Result "1-0"]
[WhiteElo "2427"]
[BlackElo "2040"]
[PlyCount "51"]
[EventDate "2012.01.29"]
[EventType "swiss"]
[EventRounds "9"]
[EventCountry "BUL"]

1. Nc3 Nf6 2. e4 e5 3. g3 h5 4. Nf3 Nc6 5. d4 exd4 6. Nxd4 Bb4 7. Bg2 O-O 8.
O-O d6 9. Bg5 Bg4 10. f3 Bc5 11. fxg4 Bxd4+ 12. Kh1 Qd7 13. Bxf6 Bxf6 14. Rxf6
gxf6 15. Nd5 Kg7 16. gxh5 Rh8 17. Qf3 Rh6 18. Ne3 Ne5 19. Qe2 Rah8 20. Nf5+ Kf8
21. Nxh6 Rxh6 22. h3 Qe6 23. b3 Kg7 24. Rf1 Qd7 25. g4 Qc6 26. Rf5 1-0

[Event "Plovdiv BUL, 34th Tringov Mem"]
[Site "Plovdiv BUL"]
[Date "2012.02.03"]
[Round "7.24"]
[White "Georgiev, Krum"]
[Black "Petkov, Hristo"]
[Result "1-0"]
[WhiteElo "2424"]
[BlackElo "2065"]
[PlyCount "49"]
[EventDate "2012.01.29"]
[EventType "swiss"]
[EventRounds "9"]
[EventCountry "BUL"]

1. e4 c5 2. Nf3 e6 3. b3 d6 4. d4 cxd4 5. Nxd4 a6 6. Bb2 Nf6 7. Bd3 Be7 8. O-O
O-O 9. c4 Qc7 10. Nc3 b6 11. Kh1 Bb7 12. f4 Nc6 13. Nf3 Nb4 14. Bb1 Rad8 15. a3
Nc6 16. Bd3 Rc8 17. Qe2 Nd7 18. Rad1 Rfe8 19. Bc2 Rcd8 20. Qf2 Ba8 21. Qg3 Bf8
22. e5 g6 23. Ne4 dxe5 24. Rxd7 Rxd7 25. Nf6+ 1-0

[Event "Plovdiv BUL, 34th Tringov Mem"]
[Site "Plovdiv BUL"]
[Date "2012.02.04"]
[Round "8.2"]
[White "Georgiev, Kiril"]
[Black "Spasov, Vasil"]
[Result "1-0"]
[WhiteElo "2658"]
[BlackElo "2570"]
[PlyCount "127"]
[EventDate "2012.01.29"]
[EventType "swiss"]
[EventRounds "9"]
[EventCountry "BUL"]

1. d4 Nf6 2. c4 g6 3. Nf3 Bg7 4. g3 O-O 5. Bg2 d6 6. O-O Nbd7 7. Nc3 e5 8. e4
exd4 9. Nxd4 Nc5 10. h3 Re8 11. Re1 Bd7 12. Kh2 h6 13. Rb1 a6 14. a4 a5 15.
Ndb5 Bc6 16. Qc2 h5 17. Bd2 Nfd7 18. f4 Ne6 19. Nd5 Nd4 20. Nxd4 Bxd4 21. Rbd1
Bg7 22. b3 Nf6 23. Bc3 Nxd5 24. cxd5 Bd7 25. Bxg7 Kxg7 26. e5 Bf5 27. Qc3 Kh7
28. Rc1 Re7 29. Bf3 c6 30. g4 Bd7 31. exd6 Rxe1 32. Rxe1 Qh4 33. Kg2 Kg8 34.
dxc6 bxc6 35. Re7 hxg4 36. hxg4 Bxg4 37. Bxc6 Rd8 38. Bd5 Bf5 39. Bxf7+ Kf8 40.
Bc4 Qg4+ 41. Qg3 Qxg3+ 42. Kxg3 Rxd6 43. Re5 Bc2 44. Kg4 Rb6 45. Rxa5 Bxb3 46.
Bxb3 Rxb3 47. Ra7 Rb6 48. Kg5 Re6 49. a5 Kg8 50. a6 Kf8 51. Kh6 Rb6 52. Ra8+
Kf7 53. Ra7+ Kf6 54. Rg7 Kf5 55. Rf7+ Kg4 56. a7 Ra6 57. Kg7 Kf3 58. Rf8 Rxa7+
59. Kxg6 Kg4 60. f5 Ra5 61. f6 Rg5+ 62. Kf7 Rb5 63. Rh8 Kg5 64. Kg7 1-0